000 00440ntaaa2200169 4500
003 01
005 20251027202445.0
008 0714s1973 ag 01
040 _aAR-BaBN
_bspa
_cAR-BaBN
_eaacr
_dRIC
082 _a266.0900 V42
100 _aVaretto, Juan C.
_97850
245 _aHéroes y mártires de la obra misionera
250 _a1 ed. :
_bJunta Bautista de Publicaciones,
_cc917
300 _a216 p.
650 _aMisiones
942 _cBK
999 _c19585
_d19585